000 01055nam a22002897a 4500
003 OSt
005 20170518101703.0
008 161216b xxu||||| |||| 00| 0 eng d
020 _a9780198752042
040 _aMMU
_cMMU
_dMMU
_beng
042 _apcc
050 0 0 _aB395
_b.P516 2000
082 0 0 _a184
_221
245 0 0 _aPlato :
_cedited by Gail Fine.
_bethics, politics,religion and the soul/
260 _aOxford ;
_aNew York :
_bOxford University Press,
_c2000.
300 _axii, 990 p.
_c22 cm.
440 0 _aOxford readings in philosophy
504 _aIncludes bibliographical references and index.
600 0 0 _aPlato.
650 0 _aPhilosophy, Ancient.
700 1 _aFine, Gail.
856 4 2 _3Publisher description
_uhttp://www.loc.gov/catdir/enhancements/fy0606/99013232-d.html
856 4 1 _3Table of contents only
_uhttp://www.loc.gov/catdir/enhancements/fy0606/99013232-t.html
856 4 2 _3Contributor biographical information
_uhttp://www.loc.gov/catdir/enhancements/fy0724/99013232-b.html
942 _2lcc
_cLOAN LOAN
999 _c20387
_d20387